| 000 | 00825cam a22002893a 4500 | ||
|---|---|---|---|
| 001 | 8993 | ||
| 003 | PGUSA | ||
| 005 | 20140828083207.0 | ||
| 008 | 050901s2005||||xxu|||||s|||||000 1 eng d | ||
| 040 |
_aPGUSA _beng |
||
| 042 | _adc | ||
| 050 | 4 | _aPQ | |
| 100 | 1 |
_aVerne, Jules, _d1828-1905 |
|
| 245 | 1 | 4 |
_aThe Mysterious Island _h[electronic resource] / _cJules Verne |
| 260 |
_bProject Gutenberg, _c2005 |
||
| 506 | _aPublic domain in the USA. | ||
| 516 | _aElectronic text | ||
| 653 | _aCastaways -- Fiction | ||
| 653 | _aAdventure stories | ||
| 653 | _aIslands of the Pacific -- Fiction | ||
| 653 | _aScience fiction | ||
| 700 | 1 |
_aWhite, Stephen W., _d1840-1914 |
|
| 740 | 0 | _aÎle mystérieuse. English | |
| 830 | 0 |
_aProject Gutenberg _v8993 |
|
| 856 | 4 | 0 | _uhttp://www.gutenberg.org/ebooks/8993 |
| 942 | _cEB | ||
| 999 |
_c238277 _d238277 |
||